000 00649nam a2200217Ia 4500
003 GCL
008 140319s9999 xx 000 0 ara d
040 _aGCL /
_cGCL
082 0 4 _a612.11
_bج ا
100 1 _aمحمود محمد الطردة
245 1 0 _aاساسيات علم المناعة والامصال /
_cمحمود محمد الطردة
700 1 _aجمال محمد عثمان
700 1 _aخالد الرطروط
700 1 _aمحمد احمد بدح
260 _a[S.N] :
_bمكتبة دار الثقافة ،
_c1991
300 _a152 ص
490 _a
650 0 4 _aامراض
650 0 4 _aالدم
942 _2ddc
_cBK
999 _c36287
_d36287